|
|
|
|
| LEADER |
006150000a22002050004500 |
| 020 |
|
|
|a 0-19-561655-3
|
| 082 |
|
|
|a 954.93 M1;1
|
| 100 |
|
|
|a DeSilva, K M; Author
|
| 245 |
|
|
|a A history of Sri Lanka
|
| 250 |
|
|
|
| 260 |
|
|
|a Oxford, Oxford University Press
|
| 260 |
|
|
|c 1981
|
| 460 |
|
|
|a xx,603
|
| 465 |
|
|
|a Rs.395.00
|
| 500 |
|
|
|a Includes bibliographical references and index
|
| 500 |
|
|
|a K M DeSilva
|
| 650 |
|
|
|a Sri Lanka-History
|
| 942 |
|
|
|c BK
|
| 999 |
|
|
|c 30990
|d 30990
|
| 952 |
|
|
|0 0
|1 0
|4 0
|6 954_930000000000000_M11
|7 0
|8 ENG
|9 31041
|a MGUL
|b MGUL
|d 2013-07-16
|e Rs.395.00
|l 0
|o 954.93 M1;1
|p 31506
|r 2013-07-16
|w 2013-07-16
|y BK
|